000 00201nam a2200109Ia 4500
100 _aMORGAN/ELAINE
942 _cBK
245 _aDESCENT OF WOMAN
260 _b#N/A
546 _aENGLISH
999 _c27454
_d27454